000 00402nam a2200169Ia 4500
008 210210b1954 xxu||||| |||| 00| 0 eng d
041 _aeng
082 _a823/216
100 _aSHAKESPEARE (William)
245 _aMerchant of Venice
260 _aLondon
_bGeorge G Harrap & Co Ltd.
_c1954
650 _aVenice
650 _aof
650 _aMerchant
690 _aEnglish Drama
906 _a013765
999 _c132809
_d132809